| 000 | 00426nam a22001457a 4500 | ||
|---|---|---|---|
| 005 | 20220902233831.0 | ||
| 008 | 220902b |||||||| |||| 00| 0 eng d | ||
| 040 | _cBiblioteca Lado V | ||
| 082 |
_a750.667 _bN962n |
||
| 110 | _aNubuke Foundation | ||
| 245 | _aNubuke Foundation 2006-2017/ | ||
| 260 |
_aGhana _bNubuke Foundation _c2017 |
||
| 300 |
_a128p. _c24x24cm |
||
| 942 |
_2ddc _c1 _h750.667 N962n _n0 |
||
| 999 |
_c1938 _d1938 |
||